000 00547nam a2200229Ia 4500
003 OSt
005 20220918175109.0
006 a|||||r|||| 00| 0
007 ta
008 220917b |||||||| |||| 00| 0 eng d
024 _a15,669
037 _cTextual
040 _aARTS
_cARTS
_beng
041 _2eng
_aeng
082 _aO:xM03, H6
100 _aVan Doern Mark
_952882
245 0 _aEmerson
260 _c1946
650 _aENGLISH LITERATURE
942 _hO:xM03, H6
_cTEXL
_2CC
999 _c156066
_d156066